Interaction of color

Uloženo v:
Podrobná bibliografie
Hlavní autor: Albers, Josef (Autor)
Médium: Kniha
Jazyk:angličtina
Vydáno: New Haven Yale University Press 2006
Témata:
Tagy: Přidat tag
Žádné tagy, Buďte první, kdo vytvoří štítek k tomuto záznamu!

MARC

LEADER 00000nam a2200000 a 4500
001 UCI2394
003 CL-VaPUC
008 070824e20060000US |||||||||||||||||eng|d
020 |a 9780300115956 
082 0 4 |a 701.8  |b ALB  |2 21 
100 0 |a Albers, Josef  |e author  |9 368282 
245 1 0 |a Interaction of color 
300 |a 145 p 
942 |c BK 
945 |d 20070824 00:00:00  |a rbrito 
260 |a New Haven  |b Yale University Press  |c 2006 
650 0 |a Color   |9 265507 
650 0 |a Acondicionamiento cromático (acondicionamiento de colores)   |9 523396 
650 7 |a PIGMENTACION  |2 CL-VaPUC  |9 354486 
650 0 |a Optica   |9 263171 
650 0 |a Percepción   |9 266750 
650 7 |a LUMINOSIDAD  |2 CL-VaPUC  |9 358320 
583 |a last modification  |c 20070824 00:00:00  |k Rodrigo Vera 
999 |c 326979  |d 326977 
952 |0 0  |1 0  |2 ddc  |4 0  |6 701_800000000000000_ALB_2006  |7 0  |8 R  |9 409310  |a BIBART  |b BIBART  |d 2019-11-22  |i 4366794  |l 9  |o 701.8 ALB 2006  |p 4366794  |r 2025-03-13  |s 2024-06-04  |w 2019-11-22  |y BK_R  |k ART